Normal view
MARC view
- Muhammad Mahad Shah
Entry Personal Name
001 - CONTROL NUMBER
- control field: 15083
003 - CONTROL NUMBER IDENTIFIER
- control field: NUST
005 - DATE AND TIME OF LATEST TRANSACTION
- control field: 20190619103243.0
008 - FIXED-LENGTH DATA ELEMENTS
- fixed length control field: 190619|| aca||aabn | a|a d
040 ## - CATALOGING SOURCE
- Original cataloging agency: NUST
- Transcribing agency: NUST
100 ## - HEADING--PERSONAL NAME
- Personal name: Muhammad Mahad Shah
670 ## - SOURCE DATA FOUND
- Source citation: Work cat.: (NUST): Muhammad Mahad Shah, Intake Tuning of a Diesel Engine, 2017
